Một số phương pháp nghiên cứu phương trình trong không gian có thứ tự : Luận văn tốt nghiệp Cao học. Chuyên ngành Toán giải tích
Trình bày các định nghĩa, định lý cơ bản và mối liên hệ giữa chúng, chứng minh một số kết quả trong việc ứng dụng các nguyên lý cơ bản, nghiên cứu các ứng dụng của phương pháp bậc tôpô.
Na minha lista:
| Autor principal: | |
|---|---|
| Formato: | Livro |
| Idioma: | Undetermined |
| Publicado em: |
Cần Thơ
Trường Đại học Cần Thơ
2018
|
| Assuntos: | |
| Tags: |
Adicionar Tag
Sem tags, seja o primeiro a adicionar uma tag!
|
| Thư viện lưu trữ: | Trung tâm Học liệu Trường Đại học Cần Thơ |
|---|
| LEADER | 01108nam a2200217Ia 4500 | ||
|---|---|---|---|
| 001 | CTU_228209 | ||
| 008 | 210402s9999 xx 000 0 und d | ||
| 082 | |a 515.73 | ||
| 082 | |b Đ126 | ||
| 088 | |a 8460106 | ||
| 100 | |a Lâm, Văn Đầy | ||
| 245 | 0 | |a Một số phương pháp nghiên cứu phương trình trong không gian có thứ tự : | |
| 245 | 0 | |b Luận văn tốt nghiệp Cao học. Chuyên ngành Toán giải tích | |
| 245 | 0 | |c Lâm Văn Đầy ; Nguyễn Bích Huy (Cán bộ hướng dẫn) | |
| 260 | |a Cần Thơ | ||
| 260 | |b Trường Đại học Cần Thơ | ||
| 260 | |c 2018 | ||
| 520 | |a Trình bày các định nghĩa, định lý cơ bản và mối liên hệ giữa chúng, chứng minh một số kết quả trong việc ứng dụng các nguyên lý cơ bản, nghiên cứu các ứng dụng của phương pháp bậc tôpô. | ||
| 650 | |a Function spaces,Hàm số không gian | ||
| 910 | |b nthai | ||
| 980 | |a Trung tâm Học liệu Trường Đại học Cần Thơ | ||